Представление документа в формате RUSMARC

ПолеНазваниеЗначение
  Тип записи a
  Библиографический уровень m
001 Контрольный номер 961d329a43634667abb0d1f02dd98104
005 Дата корректировки 20140619111058.1
010 Индекс ISBN __
a ISBN 978-5-369-01283-3
010 Индекс ISBN __
a ISBN 978-5-16-009207-2
101 Язык документа 0_
a Язык текста rus
102 Страна публикации __
a Страна публикации RU
200 Заглавие и сведения об ответственности 1_
a Заглавие Бизнес в Российской Федерации: правовые и налоговые проблемы
b Общее обозначение материала Текст
f Первые сведения об ответственности М. И. Хаймович, Д. Д. Хаймович
205 Сведения об издании __
a Основные сведения об издании 2-е изд.
210 Выходные данные 1_
d Дата издания 2014
c Издательство РИОР
a Место издания Москва
210 Выходные данные 1_
c Издательство ИНФРА-М
215 Физическое описание __
a Объем 530, [2] с.
225 Серия 2_
a Серия Научная мысль
610 Ключевые слова 0_
a Ключевые слова бизнес-план
610 Ключевые слова 0_
a Ключевые слова юридические лица
610 Ключевые слова 0_
a Ключевые слова предприниматели
610 Ключевые слова 0_
a Ключевые слова теневой бизнес
610 Ключевые слова 0_
a Ключевые слова рейдерство
610 Ключевые слова 0_
a Ключевые слова договоры
610 Ключевые слова 0_
a Ключевые слова кадры
686 Индексы других классификаций __
a Классификационный индекс 65.9(2)09
2 Код системы rubbk
700 Автор _1
a Фамилия Хаймович
b Имя М.И.
g Полное личное имя Михаил Ильич
701 Альтернативная интеллектуальная ответственность _1
a Фамилия Хаймович
b Имя Д.Д.
g Полное личное имя Даниил Дмитриевич
801 Источник записи _0
a Страна RU
b Организация РУК
c Дата составления 20140417
g Правила каталогизации PSBO
801 Источник записи _1
a Страна RU
b Организация РУК
c Дата составления 20140417
g Правила каталогизации PSBO
852 Данные о местонахождении __
i Авторский знак Х 15
j Шифр хранения ББК 65.9(2)09
901 Тип документа __
t Тип документа m
938 Служебная информация __
a Название организации Головной вуз
b Имя БД BOOK
c Название АИБС АИБС ИРБИС